[Event "16th Asian-ch"]
[Site "Makati PHI"]
[Date "2018.12.13"]
[Round "4.5"]
[White "Lye Lik Zang"]
[Black "Nguyen Ngoc Truong Son"]
[Result "1/2-1/2"]
[WhiteElo "2321"]
[BlackElo "2641"]
[EventDate "2018.12.10"]
[PlyCount "91"]

1.d4 Nf6 2.c4 e6 3.Nf3 b6 4.g3 Bb7 5.Bg2 Be7 6.O-O O-O 7.Nc3 Ne4 8.Nxe4 
Bxe4 9.Ne5 Bxg2 10.Kxg2 d6 11.Nf3 c5 12.b3 cxd4 13.Nxd4 d5 14.cxd5 Qxd5+ 
15.Nf3 Qe4 16.Be3 Rd8 17.Qb1 Qb7 18.Kg1 h6 19.Bd4 Nc6 20.Bc3 Qa6 21.Qe4 
Rac8 22.Rfc1 Ba3 23.Rc2 Qb5 24.Qg4 Bf8 25.Rac1 Ne7 26.Kg2 Rc5 27.Bb2 Nc6 
28.Rxc5 bxc5 29.Qc4 Qb7 30.Bc3 Nd4 31.Bxd4 cxd4 32.Qc7 Qd5 33.Qxa7 e5 34.
Rc4 g5 35.h3 h5 36.Kh2 d3 37.Qe3 d2 38.Qxg5+ Bg7 39.Nxd2 Qxd2 40.Qxh5 Qxa2
41.Rg4 Qa7 42.Rxg7+ Kxg7 43.Qg5+ Kh7 44.Qh5+ Kg7 45.Qg5+ Kh7 46.Qh5+ 
1/2-1/2

[Event "16th Asian-ch"]
[Site "Makati PHI"]
[Date "2018.12.13"]
[Round "4.6"]
[White "Lu Shanglei"]
[Black "Abdusattorov, Nodirbek"]
[Result "1/2-1/2"]
[WhiteElo "2636"]
[BlackElo "2546"]
[EventDate "2018.12.10"]
[PlyCount "37"]

1.e4 e5 2.Nf3 Nc6 3.Bb5 Nf6 4.d3 Bc5 5.c3 O-O 6.O-O d6 7.Nbd2 Bb6 8.h3 Ne7
9.Re1 c6 10.Ba4 Ng6 11.Nf1 Bc7 12.Ng3 d5 13.Bb3 Be6 14.d4 dxe4 15.Nxe5 
Bxe5 16.dxe5 Qxd1 17.Bxd1 Nxe5 18.Nxe4 Nxe4 19.Rxe4 1/2-1/2

[Event "16th Asian-ch"]
[Site "Makati PHI"]
[Date "2018.12.13"]
[Round "4.7"]
[White "Tran Tuan Minh"]
[Black "Le Quang Liem"]
[Result "1/2-1/2"]
[WhiteElo "2524"]
[BlackElo "2714"]
[EventDate "2018.12.10"]
[PlyCount "81"]

1.d4 Nf6 2.c4 g6 3.Nc3 d5 4.cxd5 Nxd5 5.e4 Nxc3 6.bxc3 Bg7 7.Nf3 c5 8.Be3 
O-O 9.Be2 b6 10.Rc1 cxd4 11.cxd4 e6 12.h4 Bb7 13.e5 h5 14.Rg1 Nc6 15.g4 
hxg4 16.Rxg4 Ne7 17.h5 gxh5 18.Rg1 Rc8 19.Bd3 Rxc1 20.Bxc1 Ng6 21.Be3 Qc7 
22.Ng5 Qc3+ 23.Qd2 Qa1+ 24.Qd1 Qxd1+ 25.Kxd1 h4 26.Ke2 Bd5 27.f3 b5 28.a3 
a6 29.f4 Rc8 30.f5 exf5 31.Bxf5 Rc3 32.e6 Ne7 33.exf7+ Bxf7 34.Be6 Bxe6 
35.Nxe6 Nf5 36.Nxg7 Nxg7 37.d5 h3 38.Bd4 Rc2+ 39.Kf3 Rg2 40.Rxg2 hxg2 41.
Kxg2 1/2-1/2

[Event "16th Asian-ch"]
[Site "Makati PHI"]
[Date "2018.12.13"]
[Round "4.8"]
[White "Santosh Gujrathi, Vidit"]
[Black "Megaranto, Susanto"]
[Result "1/2-1/2"]
[WhiteElo "2701"]
[BlackElo "2512"]
[EventDate "2018.12.10"]
[PlyCount "43"]

1.e4 d5 2.exd5 Qxd5 3.Nc3 Qa5 4.Nf3 c6 5.d4 Bf5 6.Bc4 e6 7.Bd2 Nf6 8.Nd5 
Qd8 9.Nxf6+ gxf6 10.Qe2 Nd7 11.O-O Bg6 12.Rae1 Qc7 13.Nh4 O-O-O 14.g3 Nb6 
15.Ba5 Bh6 16.Rb1 Rd7 17.Qf3 Bg7 18.Bb3 Rhd8 19.Nxg6 hxg6 20.c3 f5 21.h4 
c5 22.dxc5 1/2-1/2

[Event "16th Asian-ch"]
[Site "Makati PHI"]
[Date "2018.12.13"]
[Round "4.9"]
[White "Xu Yi"]
[Black "Adhiban, Baskaran"]
[Result "1/2-1/2"]
[WhiteElo "2536"]
[BlackElo "2695"]
[EventDate "2018.12.10"]
[PlyCount "150"]

1.e4 c6 2.d4 d5 3.e5 Bf5 4.Nf3 e6 5.Be2 Nd7 6.O-O h6 7.Nbd2 Ne7 8.c3 Qc7 
9.b4 a5 10.Nb3 axb4 11.cxb4 Nc8 12.a3 b5 13.Ne1 Ncb6 14.Bd3 Bxd3 15.Nxd3 
g6 16.h4 Be7 17.h5 Nf8 18.Nbc5 Bxc5 19.Nxc5 Na4 20.Nd3 Qe7 21.Be3 Kd7 22.
Qc1 gxh5 23.Bxh6 Rg8 24.f4 Nh7 25.f5 Rg4 26.f6 Qe8 27.Nc5+ Kc7 28.Nxa4 
Rxa4 29.Qc5 Qd7 30.Rf3 Ng5 31.Bxg5 Rxg5 32.Rc1 Kb7 33.Rfc3 Ra6 34.Qe7 Qxe7
35.fxe7 Rg8 36.Rf1 Re8 37.Rxf7 Kc7 38.Rh7 Kd7 39.Rxh5 Rxe7 40.Rh8 Rg7 41.
Rf3 Ra7 42.Kf2 Kc7 43.Re8 Kb6 44.Rxe6 Rg4 45.Rd3 Rf4+ 46.Kg3 Rf1 47.Rg6 
Raf7 48.Rc3 Rc7 49.Rg4 Ra7 50.Rg6 Rc7 51.Re3 Ra7 52.Kg4 Ra8 53.Kg5 Rd1 54.
e6 Rxd4 55.e7 Re8 56.Kf6 Rf4+ 57.Ke5 Re4+ 58.Rxe4 Rxe7+ 59.Kd6 Rxe4 60.Kd7
Rc4 61.g4 d4 62.Rd6 d3 63.g5 Rg4 64.Rxc6+ Kb7 65.Rd6 Rxg5 66.Rxd3 Kb6 67.
Re3 Rh5 68.Kd6 Rg5 69.Re6 Rg3 70.Kd5+ Kb7 71.Kc5 Rxa3 72.Re7+ Ka6 73.Re6+ 
Kb7 74.Kxb5 Rg3 75.Rf6 Kb8 1/2-1/2

[Event "16th Asian-ch"]
[Site "Makati PHI"]
[Date "2018.12.13"]
[Round "4.10"]
[White "Liu Yan"]
[Black "Wen Yang"]
[Result "1/2-1/2"]
[WhiteElo "2495"]
[BlackElo "2604"]
[EventDate "2018.12.10"]
[PlyCount "40"]

1.Nf3 g6 2.d4 Nf6 3.g3 Bg7 4.Bg2 O-O 5.O-O d6 6.c4 Nc6 7.Nc3 e5 8.dxe5 
dxe5 9.Bg5 Be6 10.Qa4 Qc8 11.Bxf6 Bxf6 12.Nd5 Bg7 13.Qxc6 bxc6 14.Ne7+ Kh8
15.Nxc8 Raxc8 16.Rac1 e4 17.Ng5 Bf5 18.Bxe4 Bxe4 19.Nxe4 Rfe8 20.Nc3 Bxc3 
1/2-1/2

[Event "16th Asian-ch"]
[Site "Makati PHI"]
[Date "2018.12.13"]
[Round "4.11"]
[White "Kunte, Abhijit"]
[Black "Tabatabaei, Mohammadamin"]
[Result "1/2-1/2"]
[WhiteElo "2469"]
[BlackElo "2587"]
[EventDate "2018.12.10"]
[PlyCount "44"]

1.Nf3 f5 2.g3 Nf6 3.Bg2 g6 4.d4 Bg7 5.O-O O-O 6.c4 d6 7.Nc3 c6 8.Rb1 a5 9.
a3 Qc7 10.c5 h6 11.cxd6 exd6 12.d5 c5 13.Nd2 Bd7 14.a4 c4 15.Nf3 Na6 16.
Nd4 Nc5 17.Bf4 Nce4 18.Ndb5 Bxb5 19.Nxb5 Qc5 20.Bxe4 Nxe4 21.Be3 Qb4 22.
Qc2 Rac8 
    {Writing ineligible. Draw after 73 moves}
1/2-1/2

[Event "16th Asian-ch"]
[Site "Makati PHI"]
[Date "2018.12.13"]
[Round "4.12"]
[White "Wang Hao"]
[Black "Nava, Roderick"]
[Result "1-0"]
[WhiteElo "2730"]
[BlackElo "2392"]
[EventDate "2018.12.10"]
[PlyCount "97"]

1.e4 c5 2.Nf3 g6 3.c3 Bg7 4.d4 cxd4 5.cxd4 d5 6.e5 Nc6 7.h3 Nh6 8.Nc3 O-O 
9.Bb5 f6 10.O-O Nf7 11.exf6 Bxf6 12.Re1 Qd6 13.Be3 a6 14.Bf1 b5 15.Qd2 e6 
16.g3 Qd8 17.Rac1 Bd7 18.b3 Rc8 19.Bg2 Nd6 20.Bh6 Re8 21.g4 b4 22.Na4 Ne4 
23.Qd3 a5 24.Be3 Qc7 25.Nd2 Nxd2 26.Qxd2 Qd8 27.Rc2 Na7 28.Rxc8 Qxc8 29.
Nc5 Nb5 30.Bf1 Nc3 31.Bf4 Bb5 32.Bg2 Bc6 33.Be5 Be7 34.a4 Bf8 35.Qf4 Be7 
36.Bd6 Bd8 37.Qe5 Bd7 38.Re3 Qc6 39.Kh1 Bf6 40.Qxf6 Qxd6 41.Rf3 Qe7 42.Qe5
Ne4 43.Nxe4 dxe4 44.Re3 Rf8 45.Kg1 Qf6 46.Qxf6 Rxf6 47.Rxe4 Kf8 48.Re5 Rf4
49.Be4 1-0

[Event "16th Asian-ch"]
[Site "Makati PHI"]
[Date "2018.12.13"]
[Round "4.13"]
[White "Yakubboev, Nodirbek"]
[Black "Pascua, Haridas"]
[Result "1-0"]
[WhiteElo "2556"]
[BlackElo "2442"]
[EventDate "2018.12.10"]
[PlyCount "69"]

1.d4 Nf6 2.c4 g6 3.g3 Bg7 4.Bg2 O-O 5.Nc3 d6 6.Nf3 Nc6 7.O-O a6 8.b3 Rb8 
9.d5 Na5 10.Bg5 c5 11.dxc6 Nxc6 12.Rc1 Bd7 13.Ne1 h6 14.Bf4 g5 15.Bd2 Ne5 
16.Nd3 Nxd3 17.exd3 Bf5 18.d4 b5 19.cxb5 axb5 20.a4 bxa4 21.bxa4 d5 22.Re1
Rb2 23.Nb5 Ne4 24.Bxe4 dxe4 25.Bc3 Ra2 26.d5 Qb6 27.Bd4 Bxd4 28.Qxd4 Qa5 
29.Qe5 Bh3 30.Nc3 Rd2 31.Qxe7 f5 32.Rb1 Rb2 33.Qe6+ Rf7 34.Rxb2 Qxc3 35.
Qg6+ 1-0

[Event "16th Asian-ch"]
[Site "Makati PHI"]
[Date "2018.12.13"]
[Round "4.14"]
[White "Puranik, Abhimanyu"]
[Black "Chen Qi"]
[Result "1/2-1/2"]
[WhiteElo "2544"]
[BlackElo "2437"]
[EventDate "2018.12.10"]
[PlyCount "82"]

1.e4 e5 2.Nf3 Nc6 3.Bb5 Nf6 4.d3 Bc5 5.Bxc6 dxc6 6.Nbd2 Be6 7.O-O Nd7 8.
Nb3 Bb6 9.Ng5 Bxb3 10.axb3 f6 11.Nf3 Nc5 12.Nd2 O-O 13.Nc4 Ne6 14.g3 Qd7 
15.Kg2 Rad8 16.h4 Bc5 17.Be3 Bxe3 18.Nxe3 a6 19.h5 Ng5 20.Rh1 Nf7 21.Rh4 
Nh6 22.Ra4 Qe6 23.Qe2 Rd7 24.Ra1 Rdf7 25.Rf1 a5 26.Nc4 b6 27.f4 exf4 28.
gxf4 f5 29.e5 Rd7 30.Ne3 Nf7 31.Rh3 Nd8 32.Rg3 Qh6 33.Kh1 Ne6 34.Qh2 Rd4 
35.Rgf3 c5 36.Nd1 g6 37.Nc3 Ng7 38.Ne2 Rd7 39.Rg1 Nxh5 40.Rh3 Kh8 41.Rg5 
Rg8 1/2-1/2

[Event "16th Asian-ch"]
[Site "Makati PHI"]
[Date "2018.12.13"]
[Round "4.15"]
[White "Tan Zhongyi"]
[Black "Antonio, Rogelio jr"]
[Result "1-0"]
[WhiteElo "2508"]
[BlackElo "2431"]
[EventDate "2018.12.10"]
[PlyCount "44"]

1.e4 c6 2.d4 d5 3.e5 Bf5 4.Nf3 e6 5.Be2 Nd7 6.O-O h6 7.Nbd2 Ne7 8.a4 Qc7 
9.Nb3 Nc8 10.a5 a6 11.c4 dxc4 12.Bxc4 Na7 13.Qe2 Nb5 14.Bd2 Be7 15.Rac1 
Qd8 16.Ne1 h5 17.Nd3 Nf8 18.Nbc5 Rb8 19.Rfd1 Ng6 20.Ne4 Bg4 21.f3 Bf5 22.
g3 Nc7 
    {Writing ineligible. White won after 49 moves}
1-0

[Event "16th Asian-ch"]
[Site "Makati PHI"]
[Date "2018.12.13"]
[Round "4.16"]
[White "Garcia, Jan Emmanuel"]
[Black "Gagare, Shardul"]
[Result "0-1"]
[WhiteElo "2429"]
[BlackElo "2504"]
[EventDate "2018.12.10"]
[PlyCount "116"]

1.Nf3 d5 2.g3 Nf6 3.Bg2 Bf5 4.O-O e6 5.d3 c6 6.c4 Be7 7.Nh4 Bg4 8.h3 Bh5 
9.g4 Bg6 10.cxd5 Nxd5 11.Nxg6 hxg6 12.e4 Nc7 13.d4 g5 14.Nc3 Nd7 15.Be3 e5
16.d5 Bc5 17.Bxc5 Nxc5 18.Qc2 Nd7 19.Rfd1 c5 20.a3 Kf8 21.Na4 b6 22.Qe2 
Ne8 23.b4 Nd6 24.bxc5 bxc5 25.Rdc1 Qa5 26.Nb2 Nb5 27.Nc4 Nd4 28.Qe3 Qc7 
29.Rab1 f6 30.Bf1 Rb8 31.Qc3 Kf7 32.Qa5 Qxa5 33.Nxa5 Rxb1 34.Rxb1 Rb8 35.
Rxb8 Nxb8 36.Nb7 Nd7 37.Kg2 Ke7 38.Bd3 Nb3 39.Bc2 c4 40.Kf1 Nd4 41.Ba4 Nb6
42.Bc6 c3 43.Ke1 c2 44.Kd2 Nc4+ 45.Kc1 Nxa3 46.d6+ Ke6 47.d7 Nxc6 48.d8=Q 
Nxd8 49.Nxd8+ Kd7 50.Nb7 Kc6 51.Na5+ Kb5 52.Nb3 Kb4 53.Kb2 Nb5 54.Kxc2 
Nd4+ 55.Nxd4 exd4 56.f4 gxf4 57.e5 fxe5 58.h4 f3 0-1

[Event "16th Asian-ch"]
[Site "Makati PHI"]
[Date "2018.12.13"]
[Round "4.18"]
[White "Amartuvshin, Ganzorig"]
[Black "Nguyen Anh Khoi"]
[Result "1-0"]
[WhiteElo "2376"]
[BlackElo "2480"]
[EventDate "2018.12.10"]
[PlyCount "99"]

1.d4 Nf6 2.c4 g6 3.Nc3 Bg7 4.e4 d6 5.Be2 O-O 6.Nf3 Nbd7 7.O-O e5 8.Be3 Re8
9.d5 Nh5 10.g3 Bf8 11.Ne1 Ng7 12.f3 Be7 13.Bf2 f5 14.Ng2 Nf6 15.g4 fxg4 
16.fxg4 Rf8 17.h3 c6 18.Rc1 Bd7 19.Qd3 a6 20.c5 Kh8 21.Rcd1 Nge8 22.Ne3 
dxc5 23.Bg3 cxd5 24.Nexd5 Bd6 25.Bh4 c4 26.Qg3 Bc6 27.Qf2 Qa5 28.Qg2 Nd7 
29.Kh1 b5 30.Be7 Bxd5 31.Bxf8 Nxf8 32.exd5 Kg8 33.Ne4 Qc7 34.Qf2 Qe7 35.
Qe3 Nd7 36.g5 Nc5 37.Nxd6 Qxd6 38.b4 Nd7 39.Bg4 Ng7 40.Rf3 Rd8 41.a3 Rc8 
42.Qe4 c3 43.Qc2 Nf5 44.Rxc3 Rf8 45.Bxf5 gxf5 46.Rc6 Qe7 47.Re6 Qf7 48.Qg2
Kg7 49.Rg1 Qh5 50.g6 1-0

[Event "16th Asian-ch"]
[Site "Makati PHI"]
[Date "2018.12.13"]
[Round "4.19"]
[White "Vokhidov, Shamsiddin"]
[Black "Concio, Michael jr"]
[Result "1-0"]
[WhiteElo "2480"]
[BlackElo "1991"]
[EventDate "2018.12.10"]
[PlyCount "85"]

1.e4 e6 2.d4 d5 3.Nc3 dxe4 4.Nxe4 Bd7 5.Nf3 Bc6 6.Bd3 Nd7 7.c3 Ngf6 8.
Nxf6+ Nxf6 9.Bf4 Bd6 10.Ne5 Bxe5 11.Bxe5 Nd7 12.Bg3 O-O 13.O-O f5 14.Qd2 
Nf6 15.f3 Qd7 16.Rfe1 b6 17.Qf4 Rf7 18.Rad1 Re8 19.Qe5 b5 20.Qc5 a6 21.Rd2
Bd5 22.b3 g5 23.c4 Bc6 24.Rde2 g4 25.fxg4 Ne4 26.Qe5 Rd8 27.Bxe4 Bxe4 28.
Rd2 bxc4 29.bxc4 Qc6 30.gxf5 exf5 31.d5 Qh6 32.Bf4 Qg7 33.Qb2 Qg4 34.Rf2 
Qg6 35.Re3 Rg7 36.Bxc7 Rxc7 37.Rg3 Qxg3 38.hxg3 Rxc4 39.d6 Rc6 40.Rd2 Rd7 
41.Qf6 Rc1+ 42.Kh2 Bc6 43.Re2 1-0

[Event "16th Asian-ch"]
[Site "Makati PHI"]
[Date "2018.12.13"]
[Round "4.20"]
[White "Ervan, Mohamad"]
[Black "Khusnutdinov, Rustam"]
[Result "0-1"]
[WhiteElo "2357"]
[BlackElo "2470"]
[EventDate "2018.12.10"]
[PlyCount "76"]

1.c4 e5 2.g3 Nf6 3.Bg2 Nc6 4.Nc3 Bc5 5.e3 O-O 6.Nge2 a6 7.O-O d6 8.a3 Ba7 
9.b4 Re8 10.d3 Ne7 11.Qb3 Rb8 12.a4 Be6 13.d4 Qc8 14.a5 c6 15.Rd1 Ng6 16.
Bh1 Bg4 17.f3 Be6 18.d5 cxd5 19.cxd5 Bd7 20.Ra2 Ne7 21.Kf2 b6 22.Qa3 Qc4 
23.axb6 Rxb6 24.b5 Nexd5 25.Nxd5 Nxd5 26.bxa6 Bb5 27.Rxd5 Qxd5 28.Nc3 Qc6 
29.Nxb5 Rxb5 30.Bg2 Qb6 31.Bf1 Rb3 32.Qa4 Rd8 33.Bc4 Rb4 34.Qc2 d5 35.Bd3 
e4 36.fxe4 d4 37.Bb2 dxe3+ 38.Kg2 Rxd3 0-1

[Event "16th Asian-ch"]
[Site "Makati PHI"]
[Date "2018.12.13"]
[Round "4.21"]
[White "Taher, Yoseph Theolifus"]
[Black "Turqueza Mari, Joseph"]
[Result "1-0"]
[WhiteElo "2454"]
[BlackElo "2305"]
[EventDate "2018.12.10"]
[PlyCount "89"]

1.e4 c5 2.Nc3 Nc6 3.Nf3 e5 4.Bc4 d6 5.d3 Be7 6.a3 Nd4 7.h3 Be6 8.O-O Nf6 
9.Bg5 O-O 10.Bxf6 Nxf3+ 11.Qxf3 Bxf6 12.b4 Rc8 13.Nd5 Bg5 14.Qe2 Kh8 15.
Rab1 Qd7 16.b5 b6 17.Nc3 g6 18.a4 Rce8 19.a5 bxa5 20.b6 Rb8 21.Bxe6 fxe6 
22.Qg4 Bd2 23.bxa7 Qxa7 24.Rxb8 Qxb8 25.Nb1 Be3 26.Qd1 Bh6 27.Na3 d5 28.
Qa1 Qb4 29.c3 Qa4 30.Re1 d4 31.cxd4 Bd2 32.Rb1 Bb4 33.dxc5 Qxa3 34.Qxe5+ 
Kg8 35.Qxe6+ Kg7 36.Qd7+ Rf7 37.Qd4+ Kg8 38.c6 Bd6 39.e5 Bc5 40.Qd8+ Kg7 
41.c7 Qa2 42.Rc1 Qxf2+ 43.Kh1 Qe3 44.Rb1 Be7 45.Qe8 1-0

[Event "16th Asian-ch"]
[Site "Makati PHI"]
[Date "2018.12.13"]
[Round "4.22"]
[White "Cuhendi, Sean Winshand"]
[Black "Ghaem Maghami, Ehsan"]
[Result "0-1"]
[WhiteElo "2429"]
[BlackElo "2537"]
[EventDate "2018.12.10"]
[PlyCount "85"]

1.Nf3 Nf6 2.g3 b5 3.Bg2 Bb7 4.O-O c5 5.d3 e6 6.e4 d6 7.a4 b4 8.b3 Be7 9.
Bb2 O-O 10.Nbd2 Nc6 11.Qe2 Nd7 12.Nc4 Re8 13.Rae1 Rc8 14.Ba1 Ba6 15.Qd1 
Bxc4 16.dxc4 Qc7 17.Qe2 Bf6 18.Bxf6 Nxf6 19.e5 dxe5 20.Nxe5 Nxe5 21.Qxe5 
Qxe5 22.Rxe5 Red8 23.a5 Rd2 24.Bf3 Rxc2 25.Rd1 Kf8 26.Ra1 Rc3 27.Re3 Rxe3 
28.fxe3 Rd8 29.a6 Rd3 30.Ra5 Rxe3 31.Kf2 Rxb3 32.Rxc5 Ra3 33.Rc8+ Ke7 34.
Rc7+ Kd6 35.Rxa7 b3 36.Rb7 Rxa6 37.Rxb3 Ra2+ 38.Ke3 Nd7 39.h4 Nc5 40.Rb5 
Ra3+ 41.Ke2 Rc3 42.Rb6+ Kd7 43.Rb4 0-1

[Event "16th Asian-ch"]
[Site "Makati PHI"]
[Date "2018.12.13"]
[Round "4.23"]
[White "Priasmoro, Novendra"]
[Black "Miciano, John Marvin"]
[Result "0-1"]
[WhiteElo "2483"]
[BlackElo "2354"]
[EventDate "2018.12.10"]
[PlyCount "194"]

1.e4 c5 2.Nf3 e6 3.g3 Nc6 4.Bg2 e5 5.O-O g6 6.c3 Bg7 7.d3 d6 8.a3 Nf6 9.b4
O-O 10.h3 a6 11.Be3 Qe7 12.Nbd2 Rd8 13.Qc2 Be6 14.Ng5 Bd7 15.Rab1 Nd4 16.
Qb2 h6 17.Ngf3 Nxf3+ 18.Nxf3 b5 19.Nd2 Rac8 20.c4 Ne8 21.bxc5 dxc5 22.Qc2 
Nc7 23.Rfc1 Ne6 24.Bf1 Nd4 25.Qd1 h5 26.Nf3 Bf6 27.Ne1 h4 28.g4 Bg5 29.Qd2
f6 30.Qa5 Qd6 31.Ng2 Rf8 32.Kh1 Kg7 33.Qd2 Nf3 34.Qd1 Nd4 35.Be2 Rb8 36.
Qd2 Ne6 37.Qc3 Nd4 38.Bd1 Rfc8 39.Qd2 Qe7 40.Rb2 bxc4 41.Rxc4 Bb5 42.Rc3 
Bc6 43.Qc1 Rb5 44.Rxb5 Bxb5 45.a4 Bd7 46.Qa3 Qd6 47.Kg1 Rc7 48.Kf1 Rc8 49.
Rc1 Bxe3 50.fxe3 Ne6 51.Nxh4 Rh8 52.Nf3 Rxh3 53.Kg2 Rh8 54.Qc3 c4 55.dxc4 
Nc5 56.Nd2 Bc6 57.Bf3 Bxa4 58.Rb1 Rd8 59.Nf1 Rb8 60.Ra1 Qb6 61.Ra2 Qb4 62.
Qxb4 Rxb4 63.Nd2 Kf7 64.Be2 g5 65.Kf3 Ke7 66.Ra1 Bc6 67.Ra2 Kd7 68.Bd1 Kc7
69.Bc2 Kb6 70.Ke2 Bd7 71.Kf3 a5 72.Bd1 a4 73.Ra1 Bc6 74.Ra2 Ka5 75.Bc2 Rb7
76.Nb1 Kb4 77.Ke2 Kxc4 78.Kd1 Kb4 79.Nd2 a3 80.Ra1 Ra7 81.Kc1 a2 82.Kb2 
Na4+ 83.Kc1 Nc5 84.Kb2 Bd7 85.Nb3 Na4+ 86.Kc1 Be6 87.Nd2 Rh7 88.Bd1 Rc7+ 
89.Bc2 Rc3 90.Kd1 Bxg4+ 91.Ke1 Be6 92.Kd1 Nb2+ 93.Kc1 Nd3+ 94.Kd1 Nf2+ 95.
Kc1 g4 96.Kb2 g3 97.Rg1 g2 0-1

[Event "16th Asian-ch"]
[Site "Makati PHI"]
[Date "2018.12.13"]
[Round "4.24"]
[White "Garma, Chito"]
[Black "Gomez, John Paul"]
[Result "1/2-1/2"]
[WhiteElo "2342"]
[BlackElo "2450"]
[EventDate "2018.12.10"]
[PlyCount "64"]

1.e4 e5 2.Nf3 Nc6 3.d4 exd4 4.Nxd4 Nf6 5.Nxc6 bxc6 6.Bd3 d5 7.Qe2 dxe4 8.
Bxe4 Nxe4 9.Qxe4+ Qe7 10.Qxe7+ Bxe7 11.O-O Bf5 12.Be3 Bxc2 13.Rc1 Bxb1 14.
Raxb1 Kd7 15.Rc2 a5 16.Rbc1 Ra6 17.a4 Rb8 18.Rd1+ Bd6 19.Rd3 c5 20.Bxc5 
Rc6 21.g3 Kc8 22.Rdc3 Be5 23.Bd4 Rxc3 24.Bxc3 Bxc3 25.Rxc3 Rxb2 26.Rc5 Kb7
27.Rxa5 Kb6 28.Ra8 Ra2 29.Rb8+ Ka5 30.Rc8 Kb6 31.Rb8+ Ka5 32.Rc8 Kb6 
1/2-1/2

[Event "16th Asian-ch"]
[Site "Makati PHI"]
[Date "2018.12.13"]
[Round "4.26"]
[White "Laylo, Darwin"]
[Black "Montoya, Edsel"]
[Result "1-0"]
[WhiteElo "2438"]
[BlackElo "2312"]
[EventDate "2018.12.10"]
[PlyCount "101"]

1.d4 Nf6 2.c4 g6 3.Nc3 Bg7 4.e4 d6 5.Nge2 a6 6.Ng3 O-O 7.Be2 c6 8.a4 a5 9.
h4 h5 10.Bg5 Nbd7 11.Qd2 Re8 12.Rd1 c5 13.d5 Nh7 14.Bh6 Bf6 15.Nf1 Ne5 16.
Ne3 e6 17.g3 exd5 18.cxd5 Bd7 19.O-O Bh3 20.Rfe1 Qc8 21.Nb5 Ra6 22.Nc4 
Nxc4 23.Bxc4 Bg4 24.Be2 Be5 25.f3 Bd7 26.Bf4 Bxb5 27.Bxb5 Bd4+ 28.Kh2 Ra8 
29.Bxd6 Rd8 30.Be7 Qc7 31.Bxd8 Rxd8 32.Bc4 Kg7 33.Kg2 Nf6 34.f4 Ng4 35.e5 
Qd7 36.e6 fxe6 37.Rxe6 Qxa4 38.b3 Qd7 39.Rde1 Bf6 40.Qxa5 b5 41.Qxb5 Qxb5 
42.Bxb5 Rxd5 43.Bc4 Rd2+ 44.R6e2 Rd6 45.Be6 Nh6 46.Ra2 Bc3 47.Re3 Bd4 48.
Re4 Kf6 49.Bc4 Ng4 50.Kf3 Rd7 51.b4 1-0

[Event "16th Asian-ch"]
[Site "Makati PHI"]
[Date "2018.12.13"]
[Round "4.27"]
[White "Dimakiling, Oliver"]
[Black "Song Yuxin"]
[Result "1/2-1/2"]
[WhiteElo "2434"]
[BlackElo "2178"]
[EventDate "2018.12.10"]
[PlyCount "151"]

1.Nf3 Nf6 2.d4 e6 3.g3 d5 4.Bg2 Be7 5.O-O O-O 6.Nbd2 b5 7.a4 b4 8.c4 bxc3 
9.bxc3 Nbd7 10.Re1 Bb7 11.a5 Rb8 12.Ba3 c5 13.e3 Re8 14.Qc2 Qc7 15.Rec1 e5
16.Qd1 Bc6 17.c4 exd4 18.cxd5 Bxd5 19.exd4 Rbc8 20.Nf1 Qb7 21.a6 Qa8 22.
Ne3 Be4 23.Nc4 cxd4 24.Bxe7 Rxe7 25.Nd6 Rd8 26.Nxe4 Nxe4 27.Nxd4 Nb6 28.
Qd3 Qd5 29.Rd1 Rc8 30.Re1 Rce8 31.Rad1 Na4 32.Nb5 Qxd3 33.Rxd3 f5 34.Rde3 
Kf8 35.g4 Nec5 36.Nd6 Rxe3 37.fxe3 Re6 38.Nxf5 g6 39.Nd4 Rxa6 40.Bd5 Kg7 
41.Rf1 Rf6 42.Rc1 Rd6 43.Bf3 Ne6 44.Nxe6+ Rxe6 45.Rc7+ Kf6 46.Kf2 Re7 47.
g5+ Ke6 48.Rc6+ Ke5 49.h4 Nb2 50.Ke2 Rd7 51.Rc5+ Kd6 52.Rc2 Na4 53.Rc6+ 
Ke7 54.Bg4 Rb7 55.Kf3 Nb6 56.Rc5 Kd6 57.Ra5 Re7 58.e4 Rf7+ 59.Kg3 Re7 60.
Bf3 Nc4 61.Rd5+ Kc6 62.e5 a5 63.Rxa5+ Kb6 64.Ra8 Nxe5 65.Bd5 Kc5 66.Ba2 
Kd4 67.Ra4+ Ke3 68.Bb1 Nc6 69.h5 gxh5 70.Kh4 Rb7 71.Ra1 Rb5 72.Bxh7 Nd4 
73.Ra3+ Kf2 74.Be4 Ne6 75.Rf3+ Ke2 76.Bd3+ 1/2-1/2

[Event "16th Asian-ch"]
[Site "Makati PHI"]
[Date "2018.12.13"]
[Round "4.28"]
[White "Jacutina, John Merill"]
[Black "Docena, Jerad"]
[Result "1/2-1/2"]
[WhiteElo "2296"]
[BlackElo "2426"]
[EventDate "2018.12.10"]
[PlyCount "30"]

1.e4 c5 2.b3 Nc6 3.Bb2 d6 4.g3 Nf6 5.Bg2 g6 6.Ne2 Bg7 7.O-O O-O 8.d4 cxd4 
9.Nxd4 Qb6 10.Nxc6 bxc6 11.c4 Qc5 12.Bd4 Qa5 13.Bc3 Qc5 14.Bd4 Qa5 15.Bc3 
Qc5 1/2-1/2

[Event "16th Asian-ch"]
[Site "Makati PHI"]
[Date "2018.12.14"]
[Round "5.1"]
[White "Ganguly, Surya Shekhar"]
[Black "Sethuraman, Panayapan"]
[Result "1-0"]
[WhiteElo "2621"]
[BlackElo "2664"]
[EventDate "2018.12.10"]
[PlyCount "87"]

1.e4 e5 2.Nf3 Nc6 3.Bb5 a6 4.Ba4 Nf6 5.O-O Nxe4 6.d4 b5 7.Bb3 d5 8.Nxe5 
Nxe5 9.dxe5 c6 10.Nd2 Nxd2 11.Bxd2 Bf5 12.Qf3 Bg6 13.e6 fxe6 14.Rfe1 Qf6 
15.Bxd5 O-O-O 16.Bxe6+ Kb7 17.Qe3 Bc5 18.Qxc5 Rxd2 19.Bg8 Bf5 20.Re7+ Bd7 
21.Be6 Qxb2 22.Rf1 Rd8 23.c3 Qc2 24.h3 g5 25.Qxg5 Qxc3 26.Rxh7 Kc7 27.Qf4+
Kb6 28.Bxd7 R8xd7 29.Rxd7 Rxd7 30.h4 c5 31.h5 c4 32.g3 Ka5 33.Kg2 Qd3 34.
Qf3 Qd6 35.Rh1 Ka4 36.Rh4 Qh6 37.Rg4 Qc1 38.Qc6 Rd1 39.h6 Rg1+ 40.Kh2 Rf1 
41.Rf4 Ka5 42.h7 Qb2 43.Qc7+ Kb4 44.Rxc4+ 1-0

[Event "16th Asian-ch"]
[Site "Makati PHI"]
[Date "2018.12.14"]
[Round "5.3"]
[White "Nguyen Ngoc Truong Son"]
[Black "Lu Shanglei"]
[Result "1/2-1/2"]
[WhiteElo "2641"]
[BlackElo "2636"]
[EventDate "2018.12.10"]
[PlyCount "35"]

1.e4 e6 2.d4 d5 3.exd5 exd5 4.Nf3 Nf6 5.Bd3 Bd6 6.Qe2+ Qe7 7.Qxe7+ Bxe7 8.
O-O O-O 9.Re1 Re8 10.Bf4 c6 11.Nbd2 Nbd7 12.Bg5 h6 13.Bh4 Kf8 14.a4 a5 15.
c3 Bd6 16.Rxe8+ Nxe8 17.Nf1 Ndf6 18.Bg3 1/2-1/2

[Event "16th Asian-ch"]
[Site "Makati PHI"]
[Date "2018.12.14"]
[Round "5.4"]
[White "Abdusattorov, Nodirbek"]
[Black "Lye Lik Zang"]
[Result "1/2-1/2"]
[WhiteElo "2546"]
[BlackElo "2321"]
[EventDate "2018.12.10"]
[PlyCount "55"]

1.e4 d5 2.Nc3 Nf6 3.e5 d4 4.exf6 dxc3 5.fxg7 cxd2+ 6.Bxd2 Bxg7 7.Nf3 Qd5 
8.c3 Nc6 9.Bf4 Qe4+ 10.Be3 Bg4 11.Be2 Bf6 12.Qd3 Qe6 13.Qc4 O-O-O 14.Qxe6+
Bxe6 15.h4 Bd5 16.Rh3 Rhg8 17.g3 Ne5 18.Nxe5 Bxe5 19.f4 Bd6 20.Kf2 Be6 21.
Rhh1 Bg4 22.Bc4 e5 23.h5 Be6 24.Be2 Bg4 25.Bc4 Be6 26.Be2 Bg4 27.Bc4 Be6 
28.Be2 1/2-1/2

[Event "16th Asian-ch"]
[Site "Makati PHI"]
[Date "2018.12.14"]
[Round "5.5"]
[White "Adhiban, Baskaran"]
[Black "Zhumabaev, Rinat"]
[Result "1/2-1/2"]
[WhiteElo "2695"]
[BlackElo "2602"]
[EventDate "2018.12.10"]
[PlyCount "134"]

1.Nf3 d5 2.c4 e6 3.g3 Nf6 4.Bg2 dxc4 5.O-O a6 6.Qc2 Nbd7 7.a4 Nb6 8.a5 
Nbd5 9.Qxc4 b5 10.axb6 cxb6 11.Nc3 Bb7 12.d4 b5 13.Qb3 Be7 14.Ne5 O-O 15.
Bg5 Nxc3 16.bxc3 Bxg2 17.Kxg2 Qb6 18.e3 Qb7+ 19.Kg1 Ne4 20.Bxe7 Qxe7 21.
Qc2 Nd6 22.Nd3 Qc7 23.Nc5 a5 24.Rfb1 Qc6 25.Qd3 h6 26.Qf1 Rfc8 27.Qg2 Qb6 
28.Na4 Qd8 29.Nc5 Rab8 30.Na6 Ra8 31.Nc5 Qb6 32.Na4 Qa7 33.Nc5 Rab8 34.Qf3
Nc4 35.Ra2 a4 36.Rb4 a3 37.Qd1 Rxc5 38.dxc5 Qxc5 39.Qb3 Qc6 40.Rxc4 Qxc4 
41.Rxa3 Qd3 42.Ra1 Rc8 43.Rd1 Qe2 44.Rd7 Rc5 45.Qb1 Rf5 46.Qf1 Qc2 47.Rd3 
Kh7 48.Rd7 h5 49.h3 Qxc3 50.e4 Qc6 51.Qd3 Rf3 52.Qxf3 Qxd7 53.Qxh5+ Kg8 
54.Qc5 Qb7 55.Qb4 Qa6 56.Qc5 Qa4 57.Qc8+ Kh7 58.Qd7 Kg6 59.h4 Qa1+ 60.Kh2 
b4 61.h5+ Kh7 62.Qxf7 Qf6 63.Qa7 b3 64.Qb6 b2 65.f4 Qc3 66.Qxe6 Qd2+ 67.
Kh3 b1=Q 1/2-1/2

[Event "16th Asian-ch"]
[Site "Makati PHI"]
[Date "2018.12.14"]
[Round "5.6"]
[White "Tran Tuan Minh"]
[Black "Wang Hao"]
[Result "0-1"]
[WhiteElo "2524"]
[BlackElo "2730"]
[EventDate "2018.12.10"]
[PlyCount "74"]

1.d4 Nf6 2.c4 e6 3.Nf3 b6 4.g3 Bb7 5.Bg2 g6 6.O-O Bg7 7.Bf4 O-O 8.Nc3 d5 
9.cxd5 exd5 10.Qc1 c6 11.Bh6 Re8 12.Bxg7 Kxg7 13.e3 Qd6 14.Rb1 Nbd7 15.b4 
Ba6 16.Rd1 Bc4 17.Nd2 Bd3 18.Rb3 Bf5 19.Qb2 b5 20.a4 a6 21.a5 h5 22.h4 Kg8
23.Rc1 Nf8 24.Nf3 Rac8 25.Ne2 Ne6 26.Ne5 Ng4 27.f3 Nxe5 28.dxe5 Qb8 29.f4 
c5 30.Rbc3 cxb4 31.Qxb4 Rc4 32.Qd6 Bg4 33.Kf2 Qc8 34.Bf3 Bxf3 35.Kxf3 Nc5 
36.Rxc4 dxc4 37.Nc3 Rd8 0-1